000 00291nam a22001337a 4500
008 170531b xxu||||| |||| 00| 0 eng d
020 _a9780802142894
041 _aeng
080 _a94
100 _a17
101 _aSHH
245 _aHAPPINESS A HISOTRY
_cMCMAHON.D.M
942 _2udc
_cBK
999 _c15167
_d15167